Dr. S. R. Lasker Library Online Catalogue

Home      Library Home      Institutional Repository      E-Resources      MyAthens      EWU Home

Principles of corporate finance / (Record no. 2627)

MARC details
000 -LEADER
fixed length control field 01283cam a2200361 a 4500
001 - CONTROL NUMBER
control field 2627
003 - CONTROL NUMBER IDENTIFIER
control field BD-DhEWU
005 - DATE AND TIME OF LATEST TRANSACTION
control field 20140601200148.0
008 - FIXED-LENGTH DATA ELEMENTS--GENERAL INFORMATION
fixed length control field 871229s1988 nyua g 001 0 eng d
020 ## - INTERNATIONAL STANDARD BOOK NUMBER
International Standard Book Number 0070073864
International Standard Book Number 9780070073869
035 ## - SYSTEM CONTROL NUMBER
System control number (OCoLC)17353861
040 ## - CATALOGING SOURCE
Original cataloging agency DLC
Transcribing agency DLC
Modifying agency DLC
-- BD-DhEWU
Language of cataloging eng
041 ## - LANGUAGE CODE
Language code of text/sound track or separate title eng
050 00 - LIBRARY OF CONGRESS CALL NUMBER
Classification number HG4026
Item number .B667 1988
082 04 - DEWEY DECIMAL CLASSIFICATION NUMBER
Classification number 658.1'5
Edition number 22
Item number BRP 1988
100 1# - MAIN ENTRY--PERSONAL NAME
Personal name Brealey, Richard A.
9 (RLIN) 10764
245 10 - TITLE STATEMENT
Title Principles of corporate finance /
Statement of responsibility, etc Richard A. Brealey, Stewart C. Myers.
250 ## - EDITION STATEMENT
Edition statement 3rd ed.
260 ## - PUBLICATION, DISTRIBUTION, ETC. (IMPRINT)
Place of publication, distribution, etc New York :
Name of publisher, distributor, etc McGraw-Hill,
Date of publication, distribution, etc c1988.
300 ## - PHYSICAL DESCRIPTION
Extent xxiv, (various pagings) :
Other physical details ill. (some col.) ;
Dimensions 25 cm.
490 #0 - SERIES STATEMENT
Series statement McGraw-Hill series in finance.
500 ## - GENERAL NOTE
General note Online version:<br/>Brealey, Richard A.<br/>Principles of corporate finance.<br/>New York : McGraw-Hill, c1988<br/>(OCoLC)647520229
504 ## - BIBLIOGRAPHY, ETC. NOTE
Bibliography, etc Includes bibliographical references and index.
526 ## - STUDY PROGRAM INFORMATION NOTE
Program name BA
590 ## - LOCAL NOTE (RLIN)
Local note Saifun Momota
650 #0 - SUBJECT ADDED ENTRY--TOPICAL TERM
Topical term or geographic name as entry element Corporations
General subdivision Finance.
9 (RLIN) 10765
653 ## - INDEX TERM--UNCONTROLLED
Uncontrolled term Entreprises -- Finances.
700 1# - ADDED ENTRY--PERSONAL NAME
Personal name Myers, Stewart C.
9 (RLIN) 10766
856 ## - ELECTRONIC LOCATION AND ACCESS
Materials specified WorldCat details
Uniform Resource Identifier https://www.worldcat.org/title/principles-of-corporate-finance/oclc/17353861&referer=brief_results
942 ## - ADDED ENTRY ELEMENTS (KOHA)
Source of classification or shelving scheme Dewey Decimal Classification
Koha item type Text
Holdings
Withdrawn status Lost status Source of classification or shelving scheme Damaged status Not for loan Collection code Home library Current library Shelving location Date acquired Cost, normal purchase price Total Checkouts Full call number Barcode Copy number Koha item type
    Dewey Decimal Classification   Not For Loan Non-fiction Dr. S. R. Lasker Library, EWU Dr. S. R. Lasker Library, EWU Reserve Section 12/09/1998 0.00   658.1 5 BRP 1988 5968 C-1 Text